000 00992 a2200205 4500
001 59422
005 20260407155848.0
008 260407a1974 arg spa d
003 AR-UNSa-BCEJYS
040 _aAR-UNSa-BCEJYS
_bspa
_cAR-UNSa-BCEJYS
080 _a338.2(8)
_xPolítica económica. Control de la economía. gestión de la economía. planificación económica en América Latina
245 1 0 _aEl desarrollo científico y tecnológico de América Latina
264 1 _aBuenos Aires :
_bBID/INTAL (Banco Interamericano de Desarrollo. Instituto para la integración de América Latina)
_c1974
300 _a203 p.
_c22 cm.
505 _a1. Diagnóstico de la situación en ciencia y tecnología en América Latina - 2. Bases para el desarrollo científico y tecnológico de América Latina - 3. Estructuras para la cooperación internacional en América Latina
942 _cBK
590 _aniveau_biblio:m niveau_hierar:0
100 1 _aSagasti, F. R.
700 1 _aGuerrero, Mauricio
999 _c6677
_d6677